[Event "Merida World Heritage op 2nd"]
[Site "Merida"]
[Date "2022.08.06"]
[Round "8"]
[White "Garcia Trabanca, Ana"]
[Black "Belo, Andre Nabais Moura"]
[Result "1/2-1/2"]
[WhiteElo "1454"]
[BlackElo "1686"]
[PlyCount "53"]
[EventDate "2022.08.02"]
[EventType "swiss"]
[EventRounds "9"]
[EventCountry "ESP"]
[SourceTitle "EXT 2023"]
[Source "ChessBase"]
[SourceDate "2022.10.05"]
[SourceVersion "1"]
[SourceVersionDate "2022.10.05"]
[SourceQuality "1"]

1. d4 g6 2. c4 Bg7 3. Nc3 Nf6 4. Bg5 0-0 5. e3 c6 6. Be2 d5 7. Nf3 Nbd7 8. 0-0 Re8 9. Rc1 Qb6 10. Na4 Qa5 11. cxd5 Qxd5 12. Bf4 Qa5 13. Ne5 Nd5 14. Nd3 Nxf4 15. Nxf4 e5 16. dxe5 Qxe5 17. Nd3 Qg5 18. Nc3 Nf6 19. Bf3 Bf5 20. Nc5 Rad8 21. Qa4 Bg4 22. Bxg4 Nxg4 23. N5e4 Qh6 24. h3 Be5 25. Qc4 Bb8 26. Rcd1 Ne5 27. Qb3 1/2-1/2

[Event "Merida World Heritage op 2nd"]
[Site "Merida"]
[Date "2022.08.05"]
[Round "6"]
[White "Donaire Nieto, Daniel"]
[Black "Belo, Andre Nabais Moura"]
[Result "1-0"]
[WhiteElo "1547"]
[BlackElo "1686"]
[PlyCount "65"]
[EventDate "2022.08.02"]
[EventType "swiss"]
[EventRounds "9"]
[EventCountry "ESP"]
[SourceTitle "EXT 2023"]
[Source "ChessBase"]
[SourceDate "2022.10.05"]
[SourceVersion "1"]
[SourceVersionDate "2022.10.05"]
[SourceQuality "1"]

1. d4 g6 2. Bf4 Bg7 3. e3 Nf6 4. h3 0-0 5. Be2 d6 6. Nf3 Nc6 7. 0-0 e5 8. dxe5 Ne4 9. c3 dxe5 10. Bh2 Bf5 11. Nbd2 Nd6 12. Nc4 Qe7 13. Qb3 Be6 14. Nfd2 b5 15. Bf3 Nxc4 16. Nxc4 Bxc4 17. Qc2 Qc5 18. Rfe1 Rad8 19. Rad1 Rxd1 20. Rxd1 Rd8 21. Bxc6 Rxd1+ 22. Qxd1 Qxc6 23. Qd8+ Bf8 24. Bxe5 Bxa2 25. Bxc7 Qc5 26. Ba5 Qd6 27. Qe8 Kg7 28. Qxb5 Qd1+ 29. Kh2 Bd6+ 30. f4 Qd2 31. c4 Qxe3 32. Bc3+ Kh6 33. Qg5# 1-0

[Event "Merida World Heritage op 2nd"]
[Site "Merida"]
[Date "2022.08.02"]
[Round "1"]
[White "Belo, Andre Nabais Moura"]
[Black "Martin Duque, Jesus"]
[Result "0-1"]
[WhiteElo "1686"]
[BlackElo "2365"]
[PlyCount "58"]
[EventDate "2022.08.02"]
[EventType "swiss"]
[EventRounds "9"]
[EventCountry "ESP"]
[SourceTitle "CBM 209 Extra"]
[Source "ChessBase"]
[SourceDate "2022.09.30"]
[SourceVersion "1"]
[SourceVersionDate "2022.09.30"]
[SourceQuality "1"]

1. e4 c5 2. c3 Nf6 3. e5 Nd5 4. d4 cxd4 5. Nf3 e6 6. cxd4 b6 7. Bc4 Bb7 8. 0-0 Be7 9. Bxd5 exd5 10. Nc3 Na6 11. Nb5 0-0 12. Nd6 Bxd6 13. exd6 Qf6 14. Ne5 Qxd6 15. Bf4 Rfe8 16. Qg4 Qe6 17. Qg3 Nb4 18. h4 Nc2 19. Rad1 Ba6 20. Nd3 Nxd4 21. Rfe1 Ne2+ 22. Rxe2 Qxe2 23. Rd2 Qe6 24. Ne5 h5 25. Nf3 Rac8 26. Qg5 Qg4 27. Rxd5 Bb7 28. Qxg4 hxg4 29. Rxd7 Bc6 0-1

[Event "Merida World Heritage op 1st"]
[Site "Merida"]
[Date "2021.08.08"]
[Round "8"]
[White "Ramirez Sanchez, Nicolas"]
[Black "Belo, Andre Nabais Moura"]
[Result "1-0"]
[WhiteElo "1691"]
[BlackElo "1663"]
[PlyCount "51"]
[EventDate "2021.08.04"]
[EventType "swiss"]
[EventRounds "9"]
[EventCountry "ESP"]
[SourceTitle "EXT 2023"]
[Source "ChessBase"]
[SourceDate "2022.10.05"]
[SourceVersion "1"]
[SourceVersionDate "2022.10.05"]
[SourceQuality "1"]

1. e4 g6 2. d4 Bg7 3. Nc3 d5 4. exd5 Nf6 5. Nf3 Nbd7 6. Be2 Nb6 7. 0-0 0-0 8. h3 Nfxd5 9. Nxd5 Nxd5 10. c4 Nf6 11. Be3 b6 12. Ne5 Bb7 13. Bf3 Bxf3 14. Qxf3 Qd6 15. Nc6 a5 16. Rfe1 Rfe8 17. Bf4 Qd7 18. Rxe7 Qf5 19. Rxc7 Kh8 20. Be5 Qe6 21. d5 Qf5 22. Qxf5 gxf5 23. Rxf7 Kg8 24. Rc7 Rxe5 25. Nxe5 Nxd5 26. Rxg7+ 1-0

[Event "Merida World Heritage op 1st"]
[Site "Merida"]
[Date "2021.08.07"]
[Round "7"]
[White "Belo, Andre Nabais Moura"]
[Black "Lages, Duarte Jorge Da Sil"]
[Result "1-0"]
[WhiteElo "1663"]
[BlackElo "1414"]
[PlyCount "50"]
[EventDate "2021.08.04"]
[EventType "swiss"]
[EventRounds "9"]
[EventCountry "ESP"]
[SourceTitle "EXT 2023"]
[Source "ChessBase"]
[SourceDate "2022.10.05"]
[SourceVersion "1"]
[SourceVersionDate "2022.10.05"]
[SourceQuality "1"]

1. e4 c6 2. d4 d5 3. f3 e6 4. Nc3 Bb4 5. Bf4 Nf6 6. e5 Nfd7 7. Be3 0-0 8. a3 Be7 9. f4 c5 10. Nf3 b6 11. Be2 Ba6 12. 0-0 f6 13. Kh1 Bxe2 14. Nxe2 Nc6 15. c3 fxe5 16. fxe5 Rf7 17. Qe1 Nf8 18. Qg3 Ng6 19. Qg4 Qd7 20. Bg5 Raf8 21. Kg1 c4 22. h4 Bxg5 23. Nxg5 Rxf1+ 24. Rxf1 Rxf1+ 25. Kxf1 Nd8 1-0

[Event "Lisbon Check Mate op 5th"]
[Site "Lisbon"]
[Date "2017.08.27"]
[Round "2"]
[White "Schulz, Vladimir"]
[Black "Belo, Andre Nabais Moura"]
[Result "1-0"]
[WhiteElo "2133"]
[BlackElo "1751"]
[PlyCount "57"]
[EventDate "2017.08.26"]
[EventType "swiss"]
[EventRounds "7"]
[EventCountry "POR"]
[SourceTitle "CBM 180 Extra"]
[Source "ChessBase"]
[SourceDate "2017.10.06"]
[SourceVersion "1"]
[SourceVersionDate "2017.10.06"]
[SourceQuality "1"]

1. e4 c6 2. d4 d5 3. exd5 cxd5 4. Bd3 Nf6 5. c3 e6 6. f4 Bd6 7. Nf3 Nc6 8. Qe2 Qc7 9. g3 b6 10. 0-0 Bb7 11. Ne5 0-0-0 12. Na3 Ne4 13. Nb5 Qe7 14. Nxd6+ Rxd6 15. a4 f6 16. Nxc6 Bxc6 17. a5 Qc7 18. axb6 Qxb6 19. Ra6 Qb8 20. c4 Bb7 21. Rxd6 Qxd6 22. c5 Nxc5 23. dxc5 Qxc5+ 24. Be3 Qd6 25. Rc1+ Kd7 26. Bb5+ Kd8 27. Bc5 Qc7 28. Qxe6 a6 29. Bb6 1-0

[Event "Caparica op 2nd"]
[Site "Caparica"]
[Date "2017.06.25"]
[Round "6"]
[White "Belo, Andre Nabais Moura"]
[Black "Andrade, Bruno Miguel Rodrig"]
[Result "1/2-1/2"]
[WhiteElo "1785"]
[BlackElo "2019"]
[PlyCount "140"]
[EventDate "2017.06.21"]
[EventType "swiss"]
[EventRounds "7"]
[EventCountry "POR"]
[SourceTitle "EXT 2018"]
[Source "ChessBase"]
[SourceDate "2017.10.13"]
[SourceVersion "1"]
[SourceVersionDate "2017.10.13"]
[SourceQuality "1"]

1. e4 e5 2. Nf3 Nc6 3. d4 exd4 4. Nxd4 Bc5 5. Be3 Qf6 6. c3 Nge7 7. Bc4 a6 8. 0-0 0-0 9. a4 Re8 10. Nxc6 Qxc6 11. Bxf7+ Kxf7 12. Qh5+ Ng6 13. Bxc5 Qxe4 14. Nd2 Qe5 15. Qf3+ Qf6 16. Qd5+ Qe6 17. Qf3+ Kg8 18. Rfe1 Qf7 19. Qg3 d6 20. Bd4 Bd7 21. h4 Bc6 22. Be3 Qd5 23. Nf3 Qh5 24. Nd4 Bd7 25. Qg5 Qxg5 26. hxg5 b6 27. b3 Re7 28. Kf1 Rf8 29. Bd2 Ref7 30. f3 a5 31. Re4 Bc8 32. Rae1 Ba6+ 33. c4 d5 34. Rg4 dxc4 35. bxc4 Bxc4+ 36. Kf2 Rd8 37. Bc3 Rf4 38. Rxf4 Nxf4 39. Re4 Nd5 40. Bxa5 bxa5 41. Nc6 Rd6 42. Rxc4 Nb6 43. Ne7+ Kf8 44. Rxc7 Nxa4 45. Ra7 Nc3 46. Nf5 Rd5 47. Nxg7 Re5 48. g4 a4 49. Nf5 Re6 50. Nd4 Rd6 51. Ke3 Ke8 52. Ra8+ Kf7 53. Kd3 Nd1 54. Kc4 Kg6 55. Kc5 Rd7 56. Rxa4 Kxg5 57. Kc6 Rf7 58. Kd6 Ne3 59. Ne6+ Kh4 60. g5+ Kg3 61. f4 Kg4 62. Ke5 Rf5+ 63. Ke4 Ng2 64. Ra1 Rb5 65. Rg1 Rb4+ 66. Ke5 Kf3 67. f5 Nh4 68. Rf1+ Kg4 69. Rg1+ Kh3 70. Rd1 Rb5+ 1/2-1/2

[Event "Coimbra Queima das Fitas op"]
[Site "Coimbra"]
[Date "2017.04.30"]
[Round "4"]
[White "Fernandes, Miguel A Murtinho"]
[Black "Belo, Andre Nabais Moura"]
[Result "1-0"]
[WhiteElo "2021"]
[BlackElo "1764"]
[PlyCount "113"]
[EventDate "2017.04.28"]
[EventType "swiss"]
[EventRounds "7"]
[EventCountry "POR"]
[SourceTitle "CBM 178 Extra"]
[Source "ChessBase"]
[SourceDate "2017.06.22"]
[SourceVersion "1"]
[SourceVersionDate "2017.06.22"]
[SourceQuality "1"]

1. d4 d5 2. c4 c6 3. Nc3 Nf6 4. Nf3 e6 5. e3 Nbd7 6. Qc2 Bd6 7. b3 e5 8. cxd5 cxd5 9. dxe5 Nxe5 10. Be2 0-0 11. 0-0 Be6 12. Bb2 Rc8 13. Rac1 Ne4 14. Qd1 Nxf3+ 15. Bxf3 Nxc3 16. Bxc3 Qg5 17. g3 Rfd8 18. Qe2 Ba3 19. Bb2 Bxb2 20. Qxb2 Bh3 21. Rxc8 Rxc8 22. Rc1 Rxc1+ 23. Qxc1 h5 24. Qd1 h4 25. Bxd5 hxg3 26. hxg3 b6 27. Qd4 Qg4 28. Be4 g6 29. Bg2 Qxd4 30. exd4 Bf5 31. f4 a5 32. a3 Kf8 33. Kf2 Ke7 34. Ke3 Kd6 35. Be4 Be6 36. b4 Bc4 37. g4 Be6 38. bxa5 bxa5 39. g5 Bc4 40. Kd2 Be6 41. Kc3 Ba2 42. Kd3 Be6 43. Ke3 Bg4 44. Bc2 Be6 45. Be4 Bg4 46. Bb1 Be6 47. Bc2 Bd5 48. f5 gxf5 49. Kf4 Bc4 50. Kxf5 Kd5 51. Kf6 Kxd4 52. Bd1 Kc3 53. Bh5 Kb2 54. Bxf7 Bd3 55. a4 Ka3 56. Be8 Kb4 57. g6 1-0